Mayors of Chicago by Picture - Statistics

General Stats
  • This quiz has been taken 44 times
    10 since last reset
  • The average score is 12 of 50
Answer Stats
Picture Hint Answer % Correct
2023-Present Brandon Johnson
89%
2011-2019 Rahm Emanuel
89%
1955-1976 Richard J. Daley
89%
1989-2011 Richard M. Daley
89%
2019-2023 Lori Lightfoot
78%
1983-1987 Harold Washington
67%
1979-1983 Jane Byrne
56%
1931-1933 Anton Cermak
33%
*1987* David Orr
33%
1987-1989 Eugene Sawyer
33%
1853-1854 Charles McNeill Gray
22%
1893 | 1895-1897 George Bell Swift
22%
1947-1955 Martin H. Kennelly
22%
1976-1979 Michael A. Bilandic
22%
1915-1923 | 1927-1931 William Hale Thompson
22%
1840-1841 Alexander Lloyd
11%
1844-1845 Alson Sherman
11%
1843-1844 | 1845-1846 Augustus Garrett
11%
1839-1840 | 1842-1843 Benjamin Wright Raymond
11%
1838-1839 Buckner Stith Morris
11%
1879-1887 | 1893 Carter Harrison III
11%
1897-1905 | 1911-1915 Carter Harrison IV
11%
1889-1891 DeWitt Clinton Cregier
11%
1905-1907 Edward Fitzsimmons Dunne
11%
1933-1947 Edward Joseph Kelly
11%
1841-1842 | 1862-1865 Francis Cornwall Sherman
11%
1933 Frank J. Corr
11%
1907-1911 Fred A. Busse
11%
1873-1876 Harvey Doolittle Colvin
11%
1891-1893 Hempstead Washburne
11%
1854-1855 Isaac Lawrence Milliken
11%
1847-1848 | 1850-1851 James Curtiss
11%
1848-1850 James Hutchinson Woodworth
11%
1887-1889 John A. Roche
11%
1865-1869 John Blake Rice
11%
1858-1860 John Charles Haines
11%
1834-1837 John H. Kinzie
11%
1893-1895 John Patrick Hopkins
11%
1846-1847 John Putnam Chapin
11%
1857-1858 | 1860-1861 John Wentworth
11%
1871-1873 Joseph Medill
11%
1861-1862 Julian Sidney Rumsey
11%
*1873* Lester L. Bond
11%
1855-1856 Levi Boone
11%
1876-1879 Monroe Heath
11%
1869-1871 Roswell B. Mason
11%
1856-1857 Thomas Dyer
11%
1851-1853 Walter S. Gurnee
11%
1837-1838 William B. Ogden
11%
1923-1927 William Emmett Dever
11%
No matching quizzes found
Score Distribution
Percent of People with Each Score
Percentile by Number Answered
Your Score History
You have not taken this quiz since the last reset